Análisis de situación de salud con base en condiciones de vida: Costa Rica 1970-1996 /

Gorde:
Xehetasun bibliografikoak
Egile nagusia: Sáenz Madrigal, Rocío
Beste egile batzuk: Gómez Sarmiento, Xinia
Formatua: Texto
Argitaratua: Tres Ríos, Cartago: INCIENSA
Gaiak:
Etiketak: Etiketa erantsi
Etiketarik gabe, Izan zaitez lehena erregistro honi etiketa jartzen!

MARC

LEADER 00000 a a2200000 04500
001 10795
003
040
090 |a 137200  
100 |a Sáenz Madrigal, Rocío  
245 |a Análisis de situación de salud con base en condiciones de vida: Costa Rica 1970-1996 /  |c Rocío Sáenz Madrigal 
260 |a Tres Ríos, Cartago:   |b INCIENSA  
300 |a 91 p.  
300 |b **no definido**   |b fonodiscos   |b map.  
650 |a SALUD  
650 |a CONDICION DE VIDA  
650 |a EVALUACION  
650 |a CONDICIONES DE SALUD  
650 |a ENFERMEDADES  
650 |a ESTADISTICAS DE SALUD  
650 |a CONDICIONES ECONOMICAS  
650 |a CONDICIONES SOCIALES  
650 |a SERVICIOS DE SALUD  
650 |a MEDIO AMBIENTE  
650 |a CRECIMIENTO DEMOGRAFICO  
650 |a ESTADISTICAS DE SALUD  
700 |a Gómez Sarmiento, Xinia  
999 |c 10319  |d 10319